000 00604nam a2200205Ia 4500
003 GCL
008 140319s9999 xx 000 0 ara d
040 _aGCL /
_cGCL
082 0 4 _a810.8
_bز ا
100 1 _aالزجاجى , ابوالقاسم عبدالرحمن
245 1 0 _aامالى الزجاجى /
_cالزجاجى , ابوالقاسم عبدالرحمن
300 _a319 ص
490 _aكتاب
_v0
650 0 4 _aاللغة العربية
650 0 4 _aالعرب
650 0 4 _aاللغة العبرية
650 0 4 _aعلم الكلام
650 0 4 _aالقران
942 _2ddc
_cBK
999 _c41589
_d41589